Normal view
MARC view
Entry Personal Name
001 - CONTROL NUMBER
- control field: 11936
003 - CONTROL NUMBER IDENTIFIER
- control field: OSt
005 - DATE AND TIME OF LATEST TRANSACTION
- control field: 20170323173223.0
008 - FIXED-LENGTH DATA ELEMENTS
- fixed length control field: 170323|| aca||aabn | a|a d
040 ## - CATALOGING SOURCE
- Original cataloging agency: OSt
- Transcribing agency: OSt
100 ## - HEADING--PERSONAL NAME
- Personal name: Edited by Roger, Walker; Clive, Edwards
670 ## - SOURCE DATA FOUND
- Source citation: Work cat.: (OSt): Edited by Roger, Walker; Clive, Edwards, Clinical Pharmacy and Therapeutics
